00287nam a2200097Ia 4500008004100000082001300041100003700054245004600091260003900137300001300176191014s9999 xx 000 0 und d a004bAHO aAlfred v. Aho, Jeffrey d. Ullman 0aFoundations of Computer Science C Edition aPakistanbNational Books Fundation aXiii,786